| 000 | 00709cam a22002533a 4500 | ||
|---|---|---|---|
| 001 | 18399 | ||
| 003 | PGUSA | ||
| 005 | 20140828083406.0 | ||
| 008 | 060516s2006||||xxu|||||s|||||000 | eng d | ||
| 040 |
_aPGUSA _beng |
||
| 042 | _adc | ||
| 050 | 4 | _aPZ | |
| 100 | 1 |
_aSpillman, Joseph, _d1842-1905 |
|
| 245 | 1 | 4 |
_aThe Shipwreck : _bA Story for the Young _h[electronic resource] / _cJoseph Spillman |
| 260 |
_bProject Gutenberg, _c2006 |
||
| 506 | _aPublic domain in the USA. | ||
| 516 | _aElectronic text | ||
| 653 | _aAdventure stories | ||
| 653 | _aSea stories | ||
| 700 | 1 | _aGray, Mary Richards | |
| 830 | 0 |
_aProject Gutenberg _v18399 |
|
| 856 | 4 | 0 | _uhttp://www.gutenberg.org/ebooks/18399 |
| 942 | _cEB | ||
| 999 |
_c247654 _d247654 |
||